00790nam a22002057a 4500999001900000005001700019010001500036020002700051035001400078037001300092082001000105245007800115260006800193270008200261300002100343500005000364700002200414942002400436952012400460 c170368d17036820191213144426.0 aENG-127131 c1395.00a9789388881203 aEN-110663 bDBAD/PUB a539.7 aAdvances in nuclear physics and condensed matter /ced.by Lakshmi K.Singh aAssambEBH Publishers (an imprint of Eastern book House )c2020 a136, M.L.Nehru Road, PanbazarbGuwahatie781001k2513876measternbookhouse.in a288p.c23cm(pbk) aIncludes bibliographical references and index aSingh, Lakshmi K. 2ddccENh539.7mADV 001040708NFICaZLSbZLSd2019-12-13eDBAD/PUBg1395.00l0o539.7 ADVpEN-110663r2019-12-13 00:00:00t1v1395.00yEN